Classement des nations des Jeux mondiaux des sports de combat dep.2010 - Statistiques

Statistiques générales
  • Ce quiz a été pris 12 fois
  • Le résultat moyen est 11 sur 77
Statistiques - réponses
Rang Or Argent Bronze Total Pays Continent % Correct
1 65 31 36 132 Russie Asie/Europe
100%
5 17 17 11 45 Japon Asie
60%
3 20 9 19 48 Chine Asie
50%
9 1 8 13 22 Etats-Unis Amérique
50%
4 19 13 16 48 France Europe
50%
10 3 7 9 19 Turquie Asie/Europe
40%
23 6 1 3 10 Azerbaïdjan Asie/Europe
20%
15 4 3 7 14 Brésil Amérique
20%
18 3 3 7 13 Canada Amérique
20%
6 10 11 9 30 Italie Europe
20%
21 2 1 8 11 Afrique-du-Sud Afrique
10%
51 0 1 4 5 Algérie Afrique
10%
13 4 5 6 15 Allemagne Europe
10%
68 0 0 2 2 Argentine Amérique
10%
72 0 1 0 1 Arménie Asie
10%
39 0 2 5 7 Australie Océanie
10%
41 1 4 1 6 Autriche Europe
10%
61 1 0 1 2 Belgique Europe
10%
26 2 3 5 10 Biélorussie Europe
10%
70 1 0 0 1 Bosnie-Herzégovine Europe
10%
22 1 5 5 11 Bulgarie Europe
10%
54 0 2 2 4 Colombie Amérique
10%
64 0 2 0 2 Congo Afrique
10%
19 3 2 7 12 Corée-du-Sud Asie
10%
25 4 3 3 10 Croatie Europe
10%
73 0 0 1 1 Cuba Amérique
10%
63 0 2 0 2 Danemark Europe
10%
16 4 1 9 14 Egypte Afrique
10%
20 4 5 2 11 Espagne Europe
10%
60 1 1 0 2 Estonie Europe
10%
42 1 0 5 6 Finlande Europe
10%
74 0 0 1 1 Géorgie Asie/Europe
10%
49 0 4 1 5 Grèce Europe
10%
29 1 3 5 9 Hong Kong Asie
10%
12 4 7 4 15 Hongrie Europe
10%
52 2 0 2 4 Indonésie Asie
10%
7 9 8 9 26 Iran Asie
10%
35 3 2 2 7 Irlande Europe
10%
46 1 2 2 5 Israël Asie
10%
50 0 2 3 5 Jordanie Asie
10%
30 1 3 5 9 Kazakhstan Asie/Europe
10%
28 2 1 6 9 Kirghizistan Asie
10%
57 1 2 0 3 Lettonie Europe
10%
37 1 2 4 7 Lituanie Europe
10%
55 2 0 1 3 Macao Asie
10%
76 0 0 1 1 Macédoine Europe
10%
38 0 3 4 7 Malaisie Asie
10%
40 0 2 5 7 Maroc Afrique
10%
45 2 1 2 5 Mexique Amérique
10%
48 1 1 3 5 Moldavie Europe
10%
33 1 4 3 8 Mongolie Asie
10%
24 4 4 2 10 Norvège Europe
10%
75 0 0 1 1 Nouvelle-Zélande Océanie
10%
36 3 2 2 7 Ouzbékistan Asie
10%
71 1 0 0 1 Pakistan Asie
10%
32 3 2 3 8 Pays-Bas Europe
10%
67 0 1 1 2 Pays-de-Galles Europe
10%
56 2 0 1 3 Pérou Amérique
10%
17 3 5 5 13 Philippines Asie
10%
8 5 3 18 26 Pologne Europe
10%
65 0 1 1 2 République dominicaine Amérique
10%
14 3 4 8 15 Roumanie Europe
10%
27 3 4 2 9 Royaume-Uni Europe
10%
77 0 0 1 1 Sénégal Afrique
10%
31 1 3 5 9 Serbie Europe
10%
69 0 0 2 2 Singapour Asie
10%
44 0 1 5 6 Slovénie Europe
10%
34 1 3 4 8 Suède Europe
10%
53 0 3 1 4 Suisse Europe
10%
59 0 1 2 3 Tadjikistan Asie
10%
47 1 1 3 5 Taïwan Asie
10%
62 1 0 1 2 Tchéquie Europe
10%
11 7 5 4 16 Thaïlande Asie
10%
58 1 0 2 3 Tunisie Afrique
10%
2 11 21 25 57 Ukraine Europe
10%
43 1 0 5 6 Venezuela Amérique
10%
66 0 1 1 2 Vietnam Asie
10%
Aucun quiz correspondant
Distribution des résultats
% des personnes avec chaque résultat
Percentile par nombre de réponses
Votre historique - résultats
Vous n’avez pas pris ce quiz